Quản trị chất lượng theo tiêu chuẩn quốc tế

Shranjeno v:
Bibliografske podrobnosti
Glavni avtor: Lưu, Thanh Tâm
Format: Knjiga
Jezik:Undetermined
Izdano: Thành phố Hồ Chí Minh Đại học Quốc gia Thành phố Hồ Chí Minh 2003
Teme:
Oznake: Označite
Brez oznak, prvi označite!
Thư viện lưu trữ: Trung tâm Học liệu Trường Đại học Cần Thơ
LEADER 00633nam a2200193Ia 4500
001 CTU_60476
008 210402s9999 xx 000 0 und d
020 |c 28000 
082 |a 658.562 
082 |b T120 
100 |a Lưu, Thanh Tâm 
245 0 |a Quản trị chất lượng theo tiêu chuẩn quốc tế 
245 0 |c Lưu Thanh Tâm 
260 |a Thành phố Hồ Chí Minh 
260 |b Đại học Quốc gia Thành phố Hồ Chí Minh 
260 |c 2003 
650 |a Product management,Quality control 
904 |i Minh,Hải 
980 |a Trung tâm Học liệu Trường Đại học Cần Thơ